000 00909nam a2200277Ia 4500
003 OSt
005 20221005111314.0
006 a|||||r|||| 00| 0
007 ta
008 221004b |||||||| |||| 00| 0 hin d
020 _a8170559006 (hbk)
_c200
024 _a17293
037 _b527, 21/03/2015, Vani Prakashan
_cTextual
040 _aCRL
_cCRL
_bhin
041 _2hin
_ahin
082 _aO152,3N40,BE, L1;P9
100 _aकालिया, ममता
245 0 _aबेघर
246 _aBeghara
250 _a2 संस्करण
260 _aनई दिल्ली
_bवाणी प्रकाशन भारत
_c2009
300 _a187पृ0
_ccm.
650 _aहिन्दी साहित्य
942 _hO152,3N40,BE, L1;P9
_cTEXL
_2cc
999 _c1021444
_d1021444